| 000 | 00693 a2200193 4500 | ||
|---|---|---|---|
| 020 | _a3540229884 | ||
| 040 |
_aDLC _bDLC |
||
| 100 | 1 | _aLee, Kwang H. | |
| 245 | 1 | 0 |
_aFirst course on fuzzy theory and applications _cKwang H. Lee. |
| 260 |
_aBerlin ; _aNew York : _bSpringer-Verlag, _cc2005. |
||
| 300 |
_ax, 335 p. : _bill. ; _c24 cm. |
||
| 440 | 0 | _aAdvances in soft computing, | |
| 650 | 0 | _aFuzzy sets. | |
| 650 | 0 | _aFuzzy logic. | |
| 650 | 0 | _aFuzzy systems. | |
| 856 | 4 | 2 |
_3Publisher description _uhttp://www.loc.gov/catdir/enhancements/fy0814/2004112297-d.html |
| 856 | 4 | 2 |
_3Table of contents only _uhttp://www.loc.gov/catdir/enhancements/fy0814/2004112297-t.html |
| 942 |
_cBK _k511.3 LEE _2ddc |
||
| 999 |
_c7444 _d7444 |
||